[Event "Kazan BRICS Games Blitz Team"]
[Site "Kazan"]
[Date "2024.06.21"]
[Round "6.9"]
[White "Dzapshba, Ruslan"]
[Black "Ynojosa Aponte, Felix Jose"]
[Result "0-1"]
[WhiteElo "1759"]
[BlackElo "2387"]
[PlyCount "64"]
[EventDate "2024.06.21"]
[EventType "team-swiss (blitz)"]
[EventRounds "11"]
[EventCountry "RUS"]
[SourceTitle "CBM 220 Extra"]
[Source "ChessBase"]
[SourceDate "2024.07.31"]
[SourceVersion "1"]
[SourceVersionDate "2024.07.31"]
[SourceQuality "1"]
[WhiteTeam "Abkhazia"]
[BlackTeam "Venezuela"]
[WhiteTeamCountry "RUS"]
[BlackTeamCountry "VEN"]

1. e4 c5 2. Nc3 Nc6 3. d3 e6 4. g3 d5 5. Bg2 Nf6 6. f4 Be7 7. e5 Ng8 8. Nf3 h5 9. h3 Nh6 10. Ne2 d4 11. 0-0 Nf5 12. Qe1 b5 13. Nd2 Bb7 14. Ne4 c4 15. a3 Qb6 16. Qf2 Rc8 17. g4 hxg4 18. hxg4 Ne3 19. Bxe3 dxe3 20. Qg3 cxd3 21. cxd3 Nd4 22. N4c3 Bxg2 23. Qxg2 Bh4 24. f5 Bf2+ 25. Rxf2 exf2+ 26. Qxf2 Nf3+ 27. Kf1 Rh1+ 28. Ng1 Rxg1+ 29. Ke2 Qxf2+ 30. Kxf2 Rxa1 31. Kxf3 Rxc3 32. bxc3 Rxa3 0-1

[Event "Kazan BRICS Games Rapid Team"]
[Site "Kazan"]
[Date "2024.06.20"]
[Round "1.1"]
[White "Tsaruk, Maksim"]
[Black "Dzapshba, Ruslan"]
[Result "1-0"]
[WhiteElo "2480"]
[BlackElo "1759"]
[PlyCount "53"]
[EventDate "2024.06.20"]
[EventType "team-swiss (rapid)"]
[EventRounds "9"]
[EventCountry "RUS"]
[SourceTitle "CBM 220 Extra"]
[Source "ChessBase"]
[SourceDate "2024.07.31"]
[SourceVersion "1"]
[SourceVersionDate "2024.07.31"]
[SourceQuality "1"]
[WhiteTeam "Belarus"]
[BlackTeam "Abkhazia"]
[WhiteTeamCountry "BLR"]
[BlackTeamCountry "RUS"]

1. e4 c5 2. Nf3 d6 3. d4 cxd4 4. Nxd4 Nf6 5. Nc3 a6 6. Bd3 e5 7. Nde2 Be6 8. 0-0 Be7 9. Ng3 Nbd7 10. f4 exf4 11. Bxf4 Ne5 12. Kh1 0-0 13. a4 Rc8 14. Nf5 Bxf5 15. exf5 Nxd3 16. Qxd3 d5 17. Be5 Qb6 18. Bxf6 Bxf6 19. Nxd5 Qxb2 20. c3 Rfd8 21. Rab1 Qa3 22. Rxb7 Qc5 23. Nxf6+ gxf6 24. Qg3+ Kf8 25. Qh4 Rc7 26. Qxf6 Re8 27. Qh8+ 1-0

[Event "Kazan BRICS Games Rapid Team"]
[Site "Kazan"]
[Date "2024.06.20"]
[Round "7.1"]
[White "Ynojosa Aponte, Felix Jose"]
[Black "Dzapshba, Ruslan"]
[Result "1-0"]
[WhiteElo "2387"]
[BlackElo "1759"]
[PlyCount "69"]
[EventDate "2024.06.20"]
[EventType "team-swiss (rapid)"]
[EventRounds "9"]
[EventCountry "RUS"]
[SourceTitle "CBM 220 Extra"]
[Source "ChessBase"]
[SourceDate "2024.07.31"]
[SourceVersion "1"]
[SourceVersionDate "2024.07.31"]
[SourceQuality "1"]
[WhiteTeam "Venezuela"]
[BlackTeam "Abkhazia"]
[WhiteTeamCountry "VEN"]
[BlackTeamCountry "RUS"]

1. e4 c5 2. c3 d5 3. exd5 Qxd5 4. d4 cxd4 5. cxd4 Nf6 6. Nc3 Qd8 7. Nf3 Bg4 8. Qa4+ Bd7 9. Qb3 Qb6 10. Qc2 e6 11. Be3 Nd5 12. Ne5 Nxe3 13. fxe3 Be7 14. Nxd7 Nxd7 15. Bb5 a6 16. Bxd7+ Kxd7 17. 0-0 f5 18. d5 Qxe3+ 19. Kh1 g6 20. dxe6+ Ke8 21. Nd5 Qe5 22. Nc7+ Kf8 23. Nxa8 Bd6 24. g3 Qd5+ 25. Qg2 Qb5 26. a4 Qb4 27. Rac1 Kg7 28. Nc7 h5 29. Nd5 Qxa4 30. Rfe1 h4 31. e7 hxg3 32. Re6 Qd7 33. Rce1 Rxh2+ 34. Qxh2 gxh2 35. e8Q 1-0

[Event "Kazan BRICS Games Blitz"]
[Site "Kazan"]
[Date "2024.06.19"]
[Round "3"]
[White "Dzapshba, Ruslan"]
[Black "Bongo Akanga Ndjila, Barthelemy"]
[Result "1-0"]
[WhiteElo "1759"]
[BlackElo "1894"]
[PlyCount "83"]
[EventDate "2024.06.19"]
[EventType "swiss (blitz)"]
[EventRounds "11"]
[EventCountry "RUS"]
[SourceTitle "CBM 220 Extra"]
[Source "ChessBase"]
[SourceDate "2024.07.31"]
[SourceVersion "1"]
[SourceVersionDate "2024.07.31"]
[SourceQuality "1"]

1. e4 c6 2. d3 d5 3. exd5 cxd5 4. Nf3 Nc6 5. g3 Nf6 6. Bg2 Bg4 7. 0-0 Nd4 8. Nbd2 e6 9. c3 Nxf3+ 10. Nxf3 Be7 11. d4 0-0 12. Qb3 b6 13. Ne5 Bh5 14. Bf4 Rc8 15. Rac1 Ne4 16. Rfe1 Nd6 17. h3 Nc4 18. g4 Nxe5 19. Bxe5 Bg6 20. Bf1 h5 21. f3 Bh4 22. Re2 Bd3 23. Rg2 Bxf1 24. Rxf1 hxg4 25. hxg4 Bf6 26. Bf4 Rc4 27. Rh2 g6 28. Qd1 Bg5 29. Qd2 Bf6 30. Kg2 g5 31. Bg3 Re8 32. Qd3 Kf8 33. Rfh1 Ke7 34. Rh7 Rf8 35. b3 Rc6 36. Rc1 Qc8 37. c4 dxc4 38. bxc4 Qd7 39. Re1 Qxd4 40. Qa3+ Kd7 41. Qxa7+ Rc7 42. Qa4+ 1-0

[Event "Kazan BRICS Games Blitz"]
[Site "Kazan"]
[Date "2024.06.19"]
[Round "1"]
[White "Dzapshba, Ruslan"]
[Black "Imanaliev, Taalaibek"]
[Result "0-1"]
[WhiteElo "1759"]
[BlackElo "2164"]
[PlyCount "62"]
[EventDate "2024.06.19"]
[EventType "swiss (blitz)"]
[EventRounds "11"]
[EventCountry "RUS"]
[SourceTitle "CBM 220 Extra"]
[Source "ChessBase"]
[SourceDate "2024.07.31"]
[SourceVersion "1"]
[SourceVersionDate "2024.07.31"]
[SourceQuality "1"]

1. e4 c5 2. Nc3 Nc6 3. d3 g6 4. g3 Bg7 5. Bg2 d6 6. f4 e6 7. Nf3 Nge7 8. 0-0 f5 9. Bd2 0-0 10. Rb1 Rb8 11. Ne2 d5 12. e5 d4 13. h3 b6 14. a3 Bb7 15. Kh2 Qd7 16. Qc1 Nd5 17. Rf2 Rbc8 18. Ng5 h6 19. Nf3 Kh7 20. Neg1 a5 21. Qe1 a4 22. Re2 b5 23. Qc1 c4 24. Re1 cxd3 25. c3 dxc3 26. bxc3 Na5 27. Qb2 Nb3 28. Nd4 Nxd4 29. cxd4 Rc2 30. Qa1 Rxd2 31. Rb4 Nxb4 0-1

[Event "Kazan BRICS Games Rapid"]
[Site "Kazan"]
[Date "2024.06.18"]
[Round "8"]
[White "Dzapshba, Ruslan"]
[Black "Ammar, Sedrani"]
[Result "0-1"]
[WhiteElo "1759"]
[BlackElo "2235"]
[PlyCount "64"]
[EventDate "2024.06.18"]
[EventType "team-swiss (rapid)"]
[EventRounds "9"]
[EventCountry "RUS"]
[SourceTitle "CBM 220 Extra"]
[Source "ChessBase"]
[SourceDate "2024.07.31"]
[SourceVersion "1"]
[SourceVersionDate "2024.07.31"]
[SourceQuality "1"]

1. e4 c6 2. d4 d5 3. exd5 cxd5 4. c4 Nc6 5. Nc3 Nf6 6. Nf3 g6 7. Be2 Bg7 8. 0-0 0-0 9. h3 a6 10. Bf4 h6 11. a3 Be6 12. c5 Ne4 13. Ne5 Nxe5 14. Nxe4 Nc6 15. Nc3 Nxd4 16. Bd3 Rc8 17. Re1 Rxc5 18. Bxg6 fxg6 19. Be5 Nf5 20. g4 Bxe5 21. Rxe5 Ng7 22. Qe2 Rc6 23. Re1 d4 24. Ne4 d3 25. Qe3 g5 26. h4 Qb6 27. Nc5 d2 28. Rd1 Bxg4 29. Rxd2 gxh4 30. b4 Rg6 31. Qb3+ Be6+ 32. Kf1 Bxb3 0-1

[Event "Kazan BRICS Games Rapid"]
[Site "Kazan"]
[Date "2024.06.18"]
[Round "6"]
[White "Shavlohov, Georgiy"]
[Black "Dzapshba, Ruslan"]
[Result "1-0"]
[WhiteElo "1928"]
[BlackElo "1759"]
[PlyCount "79"]
[EventDate "2024.06.18"]
[EventType "team-swiss (rapid)"]
[EventRounds "9"]
[EventCountry "RUS"]
[SourceTitle "CBM 220 Extra"]
[Source "ChessBase"]
[SourceDate "2024.07.31"]
[SourceVersion "1"]
[SourceVersionDate "2024.07.31"]
[SourceQuality "1"]

1. d4 Nf6 2. c4 e6 3. Nc3 c5 4. d5 exd5 5. cxd5 d6 6. Nf3 g6 7. Bg5 Bg7 8. e4 0-0 9. Nd2 a6 10. a4 Nbd7 11. Be2 Qc7 12. 0-0 Re8 13. Qc2 Rb8 14. f4 h6 15. Bh4 b6 16. Bg3 Bb7 17. Nc4 Ba8 18. Nxd6 Qxd6 19. e5 Qf8 20. exf6 Nxf6 21. f5 g5 22. Bxb8 Rxb8 23. Bxa6 Qd6 24. Be2 Re8 25. Rad1 h5 26. Qd2 g4 27. Qf4 Qd7 28. Bb5 Qd8 29. Bxe8 Qxe8 30. Rfe1 Qd7 31. Qb8+ Kh7 32. Qxa8 g3 33. hxg3 Ng4 34. d6 Bd4+ 35. Rxd4 cxd4 36. Re7 Qxf5 37. Qf3 Qc5 38. Rxf7+ Kg6 39. Qf5+ Kh6 40. Rh7# 1-0